[Event "SC Königsspringer II - Schachfreunde II"]
[Site "Landesliga Hamburg 2019/20"]
[Date "2019.11.24"]
[Round "3.8"]
[White "Goetz, Claus"]
[Black "Oelmeyer, Gerrit"]
[Result "0-1"]
[WhiteElo "1923"]
[BlackElo "2042"]
[PlyCount "52"]
[EventDate "2019.??.??"]

1. e4 c5 2. Nc3 Nc6 3. g3 g6 4. Bg2 Bg7 5. d3 e5 6. Be3 d6 7. Nge2 Nge7 8. O-O
O-O 9. Qd2 Nd4 10. Nd1 Nxe2+ 11. Qxe2 Be6 12. f4 Qd7 13. Nf2 exf4 14. gxf4 Bxb2
15. Rab1 Bg7 16. e5 Nc6 17. c4 b6 18. Ne4 dxe5 19. fxe5 Bxe5 20. Nf6+ Bxf6 21.
Bxc6 Qxc6 22. Rxf6 Qd7 23. d4 cxd4 24. Bh6 Bxc4 25. Qf3 Rfe8 26. Qf4 Qh3 0-1

[Event "SK Weisse Dame - SK Johanneum Eppendorf"]
[Site "Landesliga Hamburg 2019/20"]
[Date "2019.11.24"]
[Round "3.1"]
[White "von Gleich, Alexander"]
[Black "Popist, Florian"]
[Result "1-0"]
[WhiteElo "2338"]
[BlackElo "2084"]
[PlyCount "137"]
[EventDate "2019.??.??"]

1. Nf3 d5 2. c4 e6 3. g3 Nf6 4. Bg2 Be7 5. O-O O-O 6. d4 dxc4 7. Qc2 a6 8. Qxc4
b5 9. Qc2 Bb7 10. Bg5 Nbd7 11. Bxf6 Nxf6 12. Nbd2 Rc8 13. Nb3 Be4 14. Qc3 b4
15. Qe3 Bd5 16. Rfc1 Qd6 17. Ne5 Bxg2 18. Kxg2 Qd5+ 19. Qf3 Ne4 20. Nc6 Bd6 21.
Nc5 Qxc6 22. Qxe4 Qxe4+ 23. Nxe4 e5 24. Rc6 exd4 25. Rac1 Rce8 26. Nxd6 cxd6
27. Kf1 Re6 28. Rxa6 Rfe8 29. Rc2 g6 30. Rb6 Ra8 31. b3 Ra3 32. Rxb4 Re4 33.
Rd2 d5 34. f3 Re6 35. Rbxd4 Rea6 36. Rxd5 Rxa2 37. Rxa2 Rxa2 38. Ke1 Rb2 39.
Rd3 Rb1+ 40. Kd2 Rb2+ 41. Ke3 Kg7 42. f4 h5 43. Kf3 Kh6 44. h4 f6 45. Re3 g5
46. fxg5+ fxg5 47. hxg5+ Kxg5 48. Ke4 Kg4 49. Kd4 Rb1 50. Kc3 Rc1+ 51. Kb2 Rh1
52. b4 Rh3 53. b5 h4 54. Re4+ Kf5 55. Rxh4 Rxg3 56. Rb4 Ke5 57. b6 Rg8 58. b7
Rb8 59. Kc3 Kd5 60. Rb5+ Kc6 61. Kc4 Kd6 62. Rb6+ Kc7 63. Kc5 Kd7 64. e4 Kc7
65. Rb2 Re8 66. b8=Q+ Rxb8 67. Rxb8 Kxb8 68. Kd6 Kc8 69. Ke7 1-0

[Event "SK Weisse Dame - SK Johanneum Eppendorf"]
[Site "Landesliga Hamburg 2019/20"]
[Date "2019.11.24"]
[Round "3.2"]
[White "Mandelbaum, Peter-Rene"]
[Black "Schroeder, Christoph"]
[Result "0-1"]
[WhiteElo "2098"]
[BlackElo "2150"]
[PlyCount "66"]
[EventDate "2019.??.??"]

1. e4 e6 2. d4 d5 3. Nc3 dxe4 4. Nxe4 Nd7 5. Bd3 Ngf6 6. Qe2 c5 7. Nf3 cxd4 8.
Nxd4 Nxe4 9. Qxe4 Nc5 10. Bb5+ Bd7 11. Qe2 a6 12. Bxd7+ Qxd7 13. Be3 Qd5 14.
O-O Be7 15. c4 Qe4 16. b4 Nd7 17. a3 O-O 18. Rfd1 Nf6 19. f3 Qe5 20. Qf2 Rfc8
21. c5 Nd5 22. Bd2 Bf6 23. Nb3 Qb2 24. Rab1 Qxa3 25. Na5 Rab8 26. Kh1 Qa2 27.
Qg3 b6 28. Nc6 Rb7 29. Qd6 bxc5 30. Na5 Rb6 31. Qd7 Rd8 32. Qa7 cxb4 33. Bxb4
Rxb4 0-1

[Event "SK Weisse Dame - SK Johanneum Eppendorf"]
[Site "Landesliga Hamburg 2019/20"]
[Date "2019.11.24"]
[Round "3.3"]
[White "Zart, Ruediger"]
[Black "Schiele, Lars"]
[Result "1-0"]
[WhiteElo "2106"]
[BlackElo "2064"]
[PlyCount "77"]
[EventDate "2019.??.??"]

1. e4 e5 2. Nf3 Nc6 3. Bb5 a6 4. Ba4 Nf6 5. O-O Be7 6. Re1 b5 7. Bb3 d6 8. h3
Na5 9. c3 Nxb3 10. axb3 Bb7 11. d3 O-O 12. b4 Re8 13. Nbd2 Bf8 14. Qc2 d5 15.
Nf1 Nh5 16. g4 Qf6 17. Bg5 Qg6 18. gxh5 Qxh5 19. Kg2 dxe4 20. dxe4 Bc8 21. h4
Qg4+ 22. Ng3 Qh3+ 23. Kg1 Bg4 24. Nh2 h6 25. Be3 Be6 26. h5 f5 27. Nxf5 Qxh5
28. Qe2 Qf7 29. Ng3 g6 30. Qf3 Qg7 31. Ng4 Bxg4 32. Qxg4 Be7 33. Qe6+ Kh7 34.
Qc6 Rf8 35. Rxa6 Rad8 36. Qxb5 Rf7 37. Qe2 Bh4 38. Qg4 Bxg3 39. Qxg3 1-0

[Event "SK Weisse Dame - SK Johanneum Eppendorf"]
[Site "Landesliga Hamburg 2019/20"]
[Date "2019.11.24"]
[Round "3.4"]
[White "Lansky, Georg"]
[Black "Johannsen, Dennis"]
[Result "1/2-1/2"]
[WhiteElo "1983"]
[BlackElo "2121"]
[PlyCount "59"]
[EventDate "2019.??.??"]

1. e4 c6 2. Nc3 d5 3. Nf3 Bg4 4. h3 Bxf3 5. Qxf3 Nf6 6. exd5 cxd5 7. Bb5+ Nc6
8. d3 e6 9. O-O Be7 10. Ne2 O-O 11. Bxc6 bxc6 12. b3 Qc7 13. Bb2 Rfd8 14. Ng3
c5 15. Nh5 Nxh5 16. Qxh5 Qf4 17. Be5 Qd2 18. Qg4 Qg5 19. Qe2 Qg6 20. f4 Rac8
21. Rf3 Bf6 22. Raf1 Bxe5 23. fxe5 Rd7 24. Rf4 Rc6 25. Rg4 Qh6 26. Ra4 Rdc7 27.
Rg4 Ra6 28. a4 Rac6 29. Rff4 g6 30. Rf1 1/2-1/2

[Event "SK Weisse Dame - SK Johanneum Eppendorf"]
[Site "Landesliga Hamburg 2019/20"]
[Date "2019.11.24"]
[Round "3.5"]
[White "Wenzel, Birger"]
[Black "Ludwig, Jan"]
[Result "1-0"]
[WhiteElo "2058"]
[BlackElo "2064"]
[PlyCount "119"]
[EventDate "2019.??.??"]

1. e4 e6 2. d4 d5 3. Nd2 dxe4 4. Nxe4 Nd7 5. g3 Ngf6 6. Nxf6+ Nxf6 7. Nf3 c5 8.
Bg2 cxd4 9. Qxd4 Qxd4 10. Nxd4 a6 11. O-O Bd6 12. Rd1 Ke7 13. b3 Rb8 14. Bb2
Rd8 15. c4 e5 16. Re1 Kf8 17. Nf3 Bg4 18. Bxe5 b5 19. Bxd6+ Rxd6 20. c5 Rd3 21.
Ne5 Rd2 22. c6 Rc8 23. a4 Be6 24. axb5 axb5 25. Ra5 b4 26. Rb5 Rd4 27. Rc1 Nd5
28. Bxd5 Bxd5 29. Nd7+ Ke7 30. Nb6 Rxc6 31. Nxd5+ Rxd5 32. Rb7+ Rd7 33. Re1+
Kd8 34. Rxb4 Rc2 35. Re3 g6 36. Rb6 Kc7 37. Rf6 Kd8 38. h4 Rb2 39. h5 Re7 40.
Rd3+ Ke8 41. Kg2 Rb7 42. Rff3 Rb5 43. Rfe3+ Kf8 44. h6 Rb8 45. g4 Re8 46. Rf3
Re4 47. Kg3 Ke7 48. Rc3 Rb1 49. Rc7+ Kd6 50. Rfxf7 Rg1+ 51. Kf3 Rexg4 52. Rxh7
Rb4 53. Rb7 Rh4 54. Rhd7+ Ke6 55. h7 Rgh1 56. Re7+ Kd6 57. Ke2 g5 58. b4 Rxb4
59. Rxb4 Kxe7 60. Rb8 1-0

[Event "SK Weisse Dame - SK Johanneum Eppendorf"]
[Site "Landesliga Hamburg 2019/20"]
[Date "2019.11.24"]
[Round "3.6"]
[White "Kuhle, Sebastian"]
[Black "Keyser, Robin"]
[Result "1/2-1/2"]
[WhiteElo "2012"]
[BlackElo "2062"]
[PlyCount "120"]
[EventDate "2019.??.??"]

1. c4 e6 2. g3 Nf6 3. Bg2 d5 4. Nf3 Be7 5. O-O O-O 6. b3 b6 7. Nc3 Bb7 8. d4
Nbd7 9. Bb2 c5 10. cxd5 Nxd5 11. Rc1 Rc8 12. Nxd5 Bxd5 13. Qd3 Nf6 14. dxc5
Bxc5 15. Qb1 h6 16. b4 Be7 17. b5 Be4 18. Rxc8 Qxc8 19. Qc1 Qb7 20. Qe3 Rc8 21.
Rc1 Rxc1+ 22. Qxc1 Bd5 23. Ne1 Bxg2 24. Nxg2 Qd5 25. a4 Qb3 26. Qa1 Qc2 27. Kf1
Ne8 28. Ne3 Qe4 29. Ng2 Bf8 30. Qd1 Nc7 31. f3 Qb4 32. Qc2 Bc5 33. Qc3 Qxc3 34.
Bxc3 Nd5 35. Bb2 f6 36. e4 Nc7 37. Ke2 Kf7 38. g4 Ne8 39. Kd3 Nd6 40. e5 Nb7
41. exf6 gxf6 42. h3 Bd6 43. Bd4 Bc5 44. Bc3 e5 45. Bd2 Bd4 46. Kc4 Ke6 47. Bb4
Bc5 48. Bxc5 Nxc5 49. a5 Nb7 50. axb6 axb6 51. Ne3 Nd6+ 52. Kb4 f5 53. gxf5+
Nxf5 54. Nc4 Nd4 55. Nxb6 Nxf3 56. Kc5 Nd4 57. Nc4 Nxb5 58. Kxb5 Kf5 59. Kc5
Kf4 60. Kd5 Kg3 1/2-1/2

[Event "SK Weisse Dame - SK Johanneum Eppendorf"]
[Site "Landesliga Hamburg 2019/20"]
[Date "2019.11.24"]
[Round "3.7"]
[White "Schueler, Hendrik"]
[Black "Purniel Umpierre, Christian"]
[Result "0-1"]
[WhiteElo "2087"]
[BlackElo "2005"]
[PlyCount "122"]
[EventDate "2019.??.??"]

1. d4 e6 2. Nf3 f5 3. c4 Nf6 4. g3 Be7 5. Bg2 O-O 6. O-O d6 7. Nc3 Ne4 8. Qc2
Nxc3 9. Qxc3 a5 10. Qc2 Nc6 11. d5 Nb4 12. Qd2 e5 13. a3 Na6 14. Qxa5 Bf6 15.
e3 g5 16. Ne1 Bd7 17. Qd2 Nc5 18. Qe2 e4 19. Rb1 g4 20. b3 h5 21. h4 Bxh4 22.
gxh4 Qxh4 23. Bb2 Kh7 24. b4 Na4 25. Bh1 Nxb2 26. Qxb2 Rg8 27. Ng2 Qg5 28. Ra1
h4 29. Nf4 h3 30. Ne2 Rg6 31. Kh2 Rgg8 32. Rg1 Qe7 33. a4 Bxa4 34. Ra3 Bd7 35.
Rxa8 Rxa8 36. Ra1 Rxa1 37. Qxa1 Qe5+ 38. Qxe5 dxe5 39. Nc3 Kg6 40. c5 Kf6 41.
Kg3 Kg5 42. Kh2 Kf6 43. b5 Ke7 44. Kg3 b6 45. d6+ cxd6 46. Nd5+ Kd8 47. c6 Be6
48. Nxb6 Kc7 49. Na4 Bc4 50. Nc3 d5 51. Kh2 d4 52. Nxe4 fxe4 53. Bxe4 Be2 54.
Bd5 d3 55. Bc4 e4 56. Kg3 Bf3 57. Bb3 d2 58. Kh2 d1=Q 59. Bxd1 Bxd1 60. Kg3 Ba4
61. Kh2 Bxb5 0-1

[Event "SK Weisse Dame - SK Johanneum Eppendorf"]
[Site "Landesliga Hamburg 2019/20"]
[Date "2019.11.24"]
[Round "3.8"]
[White "Habermann, Till"]
[Black "Dumjahn, Carsten"]
[Result "1/2-1/2"]
[WhiteElo "1938"]
[BlackElo "2057"]
[PlyCount "122"]
[EventDate "2019.??.??"]

1. d4 d5 2. Nf3 c5 3. c3 Nf6 4. g3 Bf5 5. Bg2 e6 6. O-O h6 7. c4 Nc6 8. cxd5
exd5 9. Nc3 c4 10. b3 Bb4 11. Bd2 Bxc3 12. Bxc3 Ne4 13. Rc1 b5 14. bxc4 bxc4
15. Qa4 Qd7 16. Bb4 Nxb4 17. Qxb4 a5 18. Qa3 Qe7 19. Qxe7+ Kxe7 20. Nh4 Be6 21.
Bxe4 dxe4 22. Rfd1 Rhd8 23. Ng2 c3 24. Rxc3 Bxa2 25. Ne3 a4 26. Rdc1 Be6 27.
Nc2 Rac8 28. Nb4 Rxc3 29. Rxc3 Rc8 30. Rxc8 Bxc8 31. Kf1 a3 32. Ke1 Be6 33. Kd2
a2 34. Nc2 Bb3 35. Na1 Bc4 36. e3 Kd6 37. Kc3 Be6 38. Kb2 Kc6 39. Nc2 Kb5 40.
Ne1 Bd5 41. Nc2 f5 42. Ne1 g5 43. Nc2 Be6 44. Ne1 Kc4 45. h4 a1=Q+ 46. Kxa1 Kc3
47. hxg5 hxg5 48. f4 gxf4 49. gxf4 Kd2 50. d5 Bxd5 51. Nc2 Be6 52. Kb2 Bd7 53.
Kb1 Ba4 54. Nd4 Kxe3 55. Nxf5+ Kxf4 56. Nd4 Ke3 57. Nf5+ Kd3 58. Kc1 Bd7 59.
Ng3 e3 60. Kd1 Bh3 61. Ke1 Bg2 1/2-1/2

[Event "SK Marmstorf - SK Union Eimsbüttel"]
[Site "Landesliga Hamburg 2019/20"]
[Date "2019.11.24"]
[Round "3.1"]
[White "Voigt, Gerrit"]
[Black "Hebbinghaus, Holger"]
[Result "1/2-1/2"]
[WhiteElo "2129"]
[BlackElo "2306"]
[PlyCount "23"]
[EventDate "2019.??.??"]

1. e4 d6 2. d4 Nf6 3. Nc3 e5 4. Nf3 Nbd7 5. Bc4 Be7 6. h3 c6 7. a4 O-O 8. a5
Nxe4 9. Nxe4 d5 10. O-O exd4 11. Bxd5 cxd5 12. Ng3 {(=)} 1/2-1/2

[Event "SK Marmstorf - SK Union Eimsbüttel"]
[Site "Landesliga Hamburg 2019/20"]
[Date "2019.11.24"]
[Round "3.2"]
[White "Hawellek, Jeronimo"]
[Black "Henrich, Holger"]
[Result "1/2-1/2"]
[WhiteElo "2259"]
[BlackElo "2158"]
[PlyCount "159"]
[EventDate "2019.??.??"]

1. d4 Nf6 2. c4 e6 3. Nc3 d5 4. Nf3 dxc4 5. e3 a6 6. a4 c5 7. Bxc4 Nc6 8. O-O
cxd4 9. exd4 Be7 10. Re1 O-O 11. Bg5 Nd5 12. Bxe7 Ncxe7 13. Ne5 b6 14. Nxd5
Nxd5 15. Nc6 Qd6 16. Bxd5 exd5 17. Rc1 Bd7 18. Ne7+ Kh8 19. Qb3 Rad8 20. h3
Rfe8 21. Qxd5 Qxd5 22. Nxd5 Rxe1+ 23. Rxe1 Be6 24. Nc7 Rxd4 25. Nxe6 fxe6 26.
Rxe6 Kg8 27. Rxb6 Rxa4 28. g4 h6 29. Kg2 a5 30. Kg3 Kf7 31. h4 Rd4 32. g5 hxg5
33. hxg5 g6 34. f4 a4 35. Rb7+ Kf8 36. Kf3 a3 37. bxa3 Rd3+ 38. Ke4 Rxa3 39.
Rd7 Ke8 40. Rd6 Kf7 41. Rd7+ Ke8 42. Rd3 Ra6 43. Rb3 Re6+ 44. Kd5 Re1 45. Rb4
Kf7 46. Rb7+ Kf8 47. Rb6 Kf7 48. Rf6+ Kg7 49. Re6 Rd1+ 50. Ke5 Kf7 51. Rf6+ Kg7
52. Ke6 Re1+ 53. Kd7 Re4 54. Kd6 Re1 55. Re6 Rd1+ 56. Kc7 Rd4 57. Rf6 Ra4 58.
Kb6 Rc4 59. Kb5 Rd4 60. Kc5 Re4 61. Kd5 Ra4 62. Ke5 Ra5+ 63. Ke4 Ra4+ 64. Kf3
Ra3+ 65. Kg4 Rb3 66. Rd6 Kf7 67. Rd7+ Kf8 68. Rh7 Kg8 69. Rh3 Rb1 70. Rd3 Kf7
71. Kf3 Re1 72. Rd7+ Kf8 73. Rd5 Kf7 74. Re5 Ra1 75. Rd5 Re1 76. Rc5 Re7 77. f5
gxf5 78. Kf4 Ra7 79. Kxf5 Kg7 80. Rb5 {(=)} 1/2-1/2

[Event "SK Marmstorf - SK Union Eimsbüttel"]
[Site "Landesliga Hamburg 2019/20"]
[Date "2019.11.24"]
[Round "3.3"]
[White "Adloff, Ralf"]
[Black "Ramme, Christoph"]
[Result "1/2-1/2"]
[WhiteElo "2090"]
[BlackElo "2152"]
[PlyCount "85"]
[EventDate "2019.??.??"]

1. e4 e6 2. d3 d5 3. Nd2 Nf6 4. Ngf3 c5 5. Be2 Nc6 6. c3 Be7 7. O-O O-O 8. Re1
b6 9. e5 Nd7 10. d4 a5 11. Nf1 Ba6 12. Bxa6 Rxa6 13. Qd3 Ra8 14. Bf4 a4 15. h4
a3 16. b3 cxd4 17. cxd4 Bxh4 18. Nxh4 Qxh4 19. g3 Qe7 20. Kg2 Rfc8 21. Rac1 Rc7
22. Bd2 Rac8 23. Ne3 Nb4 24. Qb1 Rxc1 25. Bxc1 Ra8 26. Rh1 Nf8 27. Bd2 Rc8 28.
Bc1 Nc6 29. Nc2 Ra8 30. Bd2 f6 31. f4 f5 32. Qf1 Qb7 33. Qd3 Qa6 34. Qe3 b5 35.
Rc1 Qb6 36. Bb4 Nd7 37. Bd6 Kf7 38. Qd2 Kg8 39. Ra1 Qa5 40. Qe3 Qb6 41. Qd2 Qa5
42. Qe3 Qb6 43. Qd2 1/2-1/2

[Event "SK Marmstorf - SK Union Eimsbüttel"]
[Site "Landesliga Hamburg 2019/20"]
[Date "2019.11.24"]
[Round "3.4"]
[White "Mueller, Jan-Hendrik"]
[Black "Franke, Lutz"]
[Result "0-1"]
[WhiteElo "2136"]
[BlackElo "2153"]
[PlyCount "58"]
[EventDate "2019.??.??"]

1. e4 e6 2. d4 d5 3. Nc3 Bb4 4. e5 Ne7 5. a3 Bxc3+ 6. bxc3 b6 7. Qg4 O-O 8. Bg5
Qd7 9. h4 Kh8 10. Nh3 f5 11. exf6 gxf6 12. Bh6 Rf7 13. Bd3 Ng8 14. Qh5 Ba6 15.
O-O-O Bxd3 16. Rxd3 Nc6 17. g4 Nxh6 18. Qxh6 Qd6 19. g5 Qxa3+ 20. Kd2 Rg8 21.
Nf4 Ne7 22. Nxe6 Qd6 23. Re1 fxg5 24. hxg5 Rg6 25. Qh3 Rxf2+ 26. Kc1 Nf5 27.
Rh1 h6 28. gxh6 Qxe6 29. h7 Qe2 0-1

[Event "SK Marmstorf - SK Union Eimsbüttel"]
[Site "Landesliga Hamburg 2019/20"]
[Date "2019.11.24"]
[Round "3.5"]
[White "Leonardi, Karlheinz"]
[Black "Hohlbein, Michael"]
[Result "1-0"]
[WhiteElo "2120"]
[BlackElo "2089"]
[PlyCount "79"]
[EventDate "2019.??.??"]

1. c4 e5 2. g3 f5 3. d4 e4 4. Bg2 Nf6 5. Nh3 Be7 6. O-O O-O 7. Nc3 Nc6 8. Nf4
d6 9. f3 exf3 10. Bxf3 Kh8 11. a3 Qe8 12. Qd3 Bd8 13. Bd2 Ne5 14. dxe5 dxe5 15.
Nfd5 e4 16. Nxf6 Bxf6 17. Nxe4 fxe4 18. Bxe4 Bh3 19. Rxf6 Rxf6 20. Bf4 Rd8 21.
Qc2 Qf8 22. Bf3 Qc5+ 23. Kh1 g5 24. Qc3 Rdf8 25. Be5 Kg7 26. b4 Qe7 27. Rd1 Kh6
28. Bxf6 Rxf6 29. Qc1 Kg6 30. g4 Qe6 31. Rd4 c6 32. Qd2 Qe5 33. Qd3+ Kh6 34.
Kg1 b6 35. Qe4 Qc7 36. Qe8 Qf7 37. Qxf7 Rxf7 38. Rd6+ Kg7 39. Rxc6 h5 40. gxh5
1-0

[Event "SK Marmstorf - SK Union Eimsbüttel"]
[Site "Landesliga Hamburg 2019/20"]
[Date "2019.11.24"]
[Round "3.6"]
[White "Diekmann, Jens"]
[Black "Winter, Markus"]
[Result "1-0"]
[WhiteElo "2037"]
[BlackElo "2016"]
[PlyCount "79"]
[EventDate "2019.??.??"]

1. c4 Nf6 2. Nc3 d5 3. cxd5 Nxd5 4. g3 g6 5. Bg2 c6 6. Nf3 Bg7 7. O-O O-O 8. a3
e5 9. Qc2 Nd7 10. d3 Qe7 11. Nd2 N7f6 12. Nc4 Re8 13. Rb1 Qc7 14. Bd2 Nxc3 15.
Bxc3 Nd5 16. Bd2 Be6 17. b4 Rac8 18. Rfc1 Nb6 19. Na5 Qd7 20. Be3 Bd5 21. Qd2
Bxg2 22. Kxg2 Nd5 23. Bh6 e4 24. Bxg7 Kxg7 25. Rc4 e3 26. Qb2+ Kg8 27. f3 Re7
28. Rbc1 Rce8 29. Rh4 Qf5 30. Rcc4 g5 31. Rhe4 h5 32. Nxb7 g4 33. Nd6 gxf3+ 34.
exf3 Nf4+ 35. Rxf4 Qg6 36. Nxe8 e2 37. Rce4 e1=Q 38. Rxe1 Rxe1 39. Nf6+ Kf8 40.
Re4 1-0

[Event "SK Marmstorf - SK Union Eimsbüttel"]
[Site "Landesliga Hamburg 2019/20"]
[Date "2019.11.24"]
[Round "3.7"]
[White "Jarnuczak, Detlev"]
[Black "Peschke, Matthias"]
[Result "0-1"]
[WhiteElo "1987"]
[BlackElo "2006"]
[PlyCount "126"]
[EventDate "2019.??.??"]

1. d4 Nf6 2. c4 c5 3. d5 e6 4. Nc3 exd5 5. cxd5 d6 6. Nf3 g6 7. h3 Bg7 8. Bf4
O-O 9. e3 a6 10. a4 Re8 11. Nd2 Qc7 12. Nc4 Bf8 13. Be2 Nbd7 14. O-O Rb8 15.
Bh2 Ne4 16. Nxe4 Rxe4 17. Qc2 Re8 18. e4 b5 19. axb5 axb5 20. Na3 Ba6 21. Nb1
Qb6 22. Nd2 Bg7 23. Kh1 c4 24. Bg1 Bb7 25. f4 Qd8 26. Ra7 Nc5 27. Bxc5 dxc5 28.
Nf3 Qb6 29. Rfa1 Ra8 30. Rxa8 Rxa8 31. Rd1 Qf6 32. e5 Qxf4 33. e6 fxe6 34. dxe6
Re8 35. Rd7 Bxf3 36. Bxf3 Be5 37. Kg1 Qh2+ 38. Kf1 Qh1+ 39. Ke2 Bd4 40. Bd5 Qg1
41. Rf7 Qe3+ 42. Kd1 Qe5 43. Rd7 Bxb2 44. Qe2 Qd4+ 45. Qd2 Qxd2+ 46. Kxd2 Bf6
47. Rf7 Rd8 48. Rd7 Rxd7 49. exd7+ Kf8 50. Bc6 b4 51. Bb5 c3+ 52. Kc2 Ke7 53.
Kb3 Kd6 54. Bd3 Kxd7 55. Kc4 Kd6 56. Bc2 Bd4 57. Kd3 Ke5 58. Bb3 Kf4 59. Bd5
Kg3 60. Kc2 c4 61. Bxc4 Kxg2 62. Be6 Kg3 63. Kb3 h5 0-1

[Event "SK Marmstorf - SK Union Eimsbüttel"]
[Site "Landesliga Hamburg 2019/20"]
[Date "2019.11.24"]
[Round "3.8"]
[White "Anderberg, Peter"]
[Black "Nielsen, Joerg"]
[Result "0-1"]
[WhiteElo "2021"]
[BlackElo "1971"]
[PlyCount "80"]
[EventDate "2019.??.??"]

1. d4 Nf6 2. c4 e6 3. Nc3 Bb4 4. e3 c5 5. Nge2 O-O 6. a3 Bxc3+ 7. Nxc3 d6 8.
Be2 Nc6 9. d5 Ne7 10. e4 e5 11. O-O Ng6 12. Bg5 h6 13. Be3 Qe7 14. b4 b6 15.
Qd2 Rb8 16. b5 Bg4 17. f3 Bd7 18. a4 Nh5 19. g3 Bh3 20. Rf2 Nf6 21. Bxh6 gxh6
22. Qxh6 Bd7 23. Raf1 Nh7 24. h4 Qf6 25. Qe3 Qg7 26. Kh2 Nf6 27. f4 Qh6 28. Kg1
Bh3 29. Re1 Rfe8 30. Qd3 exf4 31. gxf4 Qxh4 32. f5 Ne5 33. Qe3 Neg4 34. Bxg4
Nxg4 35. Rf4 Bg2 36. Rxg4+ Qxg4 37. Kf2 Kh7 38. Rg1 Rg8 39. Ne2 Qxe4 40. Nf4
Qxe3+ 0-1

[Event "FC St. Pauli III - Hamburger SK IV"]
[Site "Landesliga Hamburg 2019/20"]
[Date "2019.11.24"]
[Round "3.1"]
[White "Weihrauch, Jakob"]
[Black "Kahlert, Thomas"]
[Result "1/2-1/2"]
[WhiteElo "2170"]
[BlackElo "2154"]
[PlyCount "52"]
[EventDate "2019.??.??"]

1. e4 e5 2. Nf3 Nc6 3. Bb5 a6 4. Ba4 Nf6 5. O-O Be7 6. Re1 b5 7. Bb3 d6 8. c3
O-O 9. h3 Na5 10. Bc2 c5 11. d4 Qc7 12. Nbd2 cxd4 13. cxd4 Bd7 14. Nf1 Rac8 15.
Bd3 Nc6 16. Be3 Qb7 17. Rc1 Rfe8 18. Ng3 g6 19. Bb1 exd4 20. Nxd4 Bf8 21. Nxc6
Rxc6 22. Bd4 Bg7 23. Qf3 Rxc1 24. Rxc1 Re6 25. Qc3 h5 26. h4 d5 1/2-1/2

[Event "FC St. Pauli III - Hamburger SK IV"]
[Site "Landesliga Hamburg 2019/20"]
[Date "2019.11.24"]
[Round "3.2"]
[White "Breyther, Ruediger"]
[Black "Frackowiak, Oliver"]
[Result "1-0"]
[WhiteElo "2238"]
[BlackElo "2190"]
[PlyCount "103"]
[EventDate "2019.??.??"]

1. e4 c5 2. Nf3 e6 3. d4 cxd4 4. Nxd4 Nf6 5. Nc3 Nc6 6. Ndb5 Bc5 7. Nd6+ Ke7 8.
Bf4 e5 9. Nf5+ Kf8 10. Bg5 d6 11. Ne3 Be6 12. Be2 h6 13. Bxf6 Qxf6 14. O-O g6
15. Ncd5 Qd8 16. c3 a6 17. a4 a5 18. Kh1 Kg7 19. Bc4 Rc8 20. Qb3 Ne7 21. Rad1
Nxd5 22. Bxd5 Qe7 23. Nc4 Qc7 24. Na3 Qe7 25. Nb5 Rb8 26. Qc4 Rhc8 27. Qe2 Bd7
28. f4 exf4 29. Rxf4 Rf8 30. b4 axb4 31. cxb4 Bxb4 32. Rxf7+ Rxf7 33. Bxf7 Bxb5
34. Qxb5 Kxf7 35. Qxb4 Rd8 36. h3 Rd7 37. Qd4 Kg8 38. e5 d5 39. Rf1 Kh7 40. Rf6
Qg7 41. a5 h5 42. Kh2 Kh8 43. Kg1 Kh7 44. Kh1 Kh8 45. g4 hxg4 46. Qxg4 Kh7 47.
Rxg6 Qxe5 48. Re6 Qa1+ 49. Kh2 Qb2+ 50. Re2 Qb5 51. Rg2 Rg7 52. Qxg7# 1-0

[Event "FC St. Pauli III - Hamburger SK IV"]
[Site "Landesliga Hamburg 2019/20"]
[Date "2019.11.24"]
[Round "3.3"]
[White "Meier, David Geffrey"]
[Black "Thomaschke, Dirk"]
[Result "0-1"]
[WhiteElo "2131"]
[BlackElo "2141"]
[PlyCount "130"]
[EventDate "2019.??.??"]

1. d4 d5 2. c4 e6 3. Nf3 c5 4. cxd5 exd5 5. g3 Nc6 6. Bg2 Nf6 7. O-O Be7 8. Nc3
O-O 9. Be3 c4 10. Ne5 h6 11. h3 Bf5 12. g4 Bh7 13. f4 Bb4 14. g5 Bxc3 15. bxc3
Ne4 16. g6 Bxg6 17. f5 Bh7 18. Bxe4 dxe4 19. Qe1 f6 20. Nxc6 bxc6 21. Qg3 Kh8
22. Bf4 Qd5 23. Rab1 Bxf5 24. Qh4 Bg6 25. e3 Qh5 26. Qg3 Bf5 27. Kh2 Rf7 28.
Rf2 Be6 29. Bd6 Rd8 30. Bf4 Kh7 31. Bb8 Rd5 32. Bf4 Rb5 33. Rxb5 cxb5 34. Rb2
a5 35. a3 Rb7 36. Bd6 Rd7 37. Bb8 Rd5 38. Bf4 Qg6 39. Qxg6+ Kxg6 40. Rg2+ Kf7
41. Bc7 a4 42. Bg3 Rf5 43. Bd6 Rf3 44. Rg3 Rf1 45. Bc5 g5 46. Rg2 Rc1 47. Bb4
Re1 48. d5 Bxd5 49. Bc5 Rf1 50. h4 Rf5 51. Rb2 Bc6 52. Bb6 h5 53. Rd2 Bd5 54.
Rb2 Be6 55. Rg2 gxh4 56. Bd4 Rf3 57. Rb2 h3 58. Bc5 Bg4 59. Kg1 Rg3+ 60. Kh2 h4
61. Rd2 Kg6 62. Rf2 Bf3 63. Rf1 Kh5 64. Bd6 Rg2+ 65. Kxh3 Rd2 0-1

[Event "FC St. Pauli III - Hamburger SK IV"]
[Site "Landesliga Hamburg 2019/20"]
[Date "2019.11.24"]
[Round "3.4"]
[White "zur Lage, Julian"]
[Black "Juergens, Bernhard"]
[Result "0-1"]
[WhiteElo "2153"]
[BlackElo "2121"]
[PlyCount "78"]
[EventDate "2019.??.??"]

1. d4 f5 2. Qd3 d5 3. g4 fxg4 4. h3 Nf6 5. Nc3 Nc6 6. Bf4 Nb4 7. Qb5+ c6 8.
Qxb4 e5 9. Qb3 exf4 10. O-O-O Qb6 11. Bg2 Bd6 12. hxg4 Bxg4 13. Nf3 Qxb3 14.
axb3 O-O 15. Rh4 Rae8 16. Rg1 Bc8 17. Nd2 Re7 18. Bf3 g6 19. Kd1 Kg7 20. Na2
Ne4 21. Bxe4 dxe4 22. Nc3 e3 23. Nde4 exf2 24. Nxf2 Bc7 25. Nce4 Rfe8 26. Ng5
h6 27. Nf3 Rxe2 28. Nd3 R2e4 29. Nfe5 Bxe5 30. dxe5 Rf8 31. Rgh1 h5 32. Rf1 g5
33. Rh2 Kg6 34. Rhf2 f3 35. Kc1 g4 36. Rg1 Kg5 37. Rh2 h4 38. Rgh1 g3 39. Rf1
Bg4 0-1

[Event "FC St. Pauli III - Hamburger SK IV"]
[Site "Landesliga Hamburg 2019/20"]
[Date "2019.11.24"]
[Round "3.5"]
[White "Colpe, Helge"]
[Black "Goepfert, Jakob"]
[Result "0-1"]
[WhiteElo "2050"]
[BlackElo "2113"]
[PlyCount "58"]
[EventDate "2019.??.??"]

1. d4 Nf6 2. Nf3 g6 3. c4 c5 4. dxc5 Qa5+ 5. Bd2 Qxc5 6. e3 Ne4 7. Nc3 Nxd2 8.
Qxd2 Bg7 9. Be2 O-O 10. Rc1 Nc6 11. a3 Qa5 12. O-O d6 13. Rfd1 Be6 14. Nd4 Nxd4
15. exd4 Rfc8 16. d5 Bd7 17. Qe3 Bf6 18. Rc2 Rc7 19. Ne4 Be5 20. Rdc1 Rac8 21.
b4 Qa4 22. Nc5 dxc5 23. Qxe5 cxb4 24. Qa1 Bf5 25. Rd2 b3 26. Rc3 b5 27. Qc1
bxc4 28. Rd4 Bc2 29. h3 Qa5 0-1

[Event "FC St. Pauli III - Hamburger SK IV"]
[Site "Landesliga Hamburg 2019/20"]
[Date "2019.11.24"]
[Round "3.6"]
[White "Wronn, Bernd"]
[Black "Weidmann, Kevin"]
[Result "1-0"]
[WhiteElo "2178"]
[BlackElo "1951"]
[PlyCount "67"]
[EventDate "2019.??.??"]

1. Nf3 f5 2. c4 Nf6 3. g3 g6 4. Bg2 Bg7 5. O-O O-O 6. Nc3 d6 7. d4 Qe8 8. d5 a5
9. Nd4 Qf7 10. Ne6 Bxe6 11. dxe6 Qxe6 12. Bxb7 Ra7 13. Bf3 Qxc4 14. Bg5 c6 15.
Rc1 Qe6 16. Qa4 d5 17. Bf4 Nbd7 18. Rfd1 Nc5 19. Qc2 Nce4 20. Na4 Ra6 21. Bg2
Nd7 22. f3 Nd6 23. e4 fxe4 24. Bxd6 exf3 25. Bf1 f2+ 26. Kh1 Bh6 27. Rb1 Raa8
28. Bc5 Nxc5 29. Nxc5 Qg4 30. Bg2 e5 31. Nd3 Qd4 32. Qxc6 e4 33. Nf4 f1=Q+ 34.
Bxf1 1-0

[Event "FC St. Pauli III - Hamburger SK IV"]
[Site "Landesliga Hamburg 2019/20"]
[Date "2019.11.24"]
[Round "3.7"]
[White "Baberz, Alexander"]
[Black "Kluth, Carsten"]
[Result "0-1"]
[WhiteElo "1996"]
[BlackElo "2103"]
[PlyCount "54"]
[EventDate "2019.??.??"]

1. d4 d5 2. c4 c6 3. e3 Nf6 4. Qc2 g6 5. Nc3 Bg7 6. Nf3 Bf5 7. Bd3 Bxd3 8. Qxd3
O-O 9. b3 dxc4 10. bxc4 Nbd7 11. O-O e5 12. Rb1 exd4 13. exd4 Qc7 14. g3 Rad8
15. Bf4 Qc8 16. Qc2 b6 17. Qa4 a6 18. Bd6 Rfe8 19. Ne5 b5 20. cxb5 cxb5 21. Qb4
Nf8 22. d5 a5 23. Qxb5 Rxd6 24. Nc6 Nxd5 25. Nxd5 Qxc6 26. Qxc6 Rxc6 27. Rfe1
Ne6 0-1